Дегустация Индии: роман

Bibliografiske detaljer
Hovedforfatter: Арбатова М. И. Мария Ивановна
Summary:Все турагентства и кинофильмы врут — Индию пересказать нельзя. В этом смысле я тоже вру, потому что могу изложить только свою «психическую правду» об Индии. У вас она все равно будет другая. Индия не потрясла меня, она меня раздавила...
Sprog:russisk
Udgivet: Москва, АСТ, 2007
Fag:
Format: MixedMaterials Bog
KOHA link:https://koha.lib.tpu.ru/cgi-bin/koha/opac-detail.pl?biblionumber=111947

MARC

LEADER 00000nam0a2200000 4500
001 111947
005 20231101215029.0
010 |a 5170405766 
035 |a (RuTPU)RU\TPU\book\120916 
090 |a 111947 
100 |a 20070321d2007 m y0rusy50 ca 
101 0 |a rus 
102 |a RU 
105 |a y z 000ay 
200 1 |a Дегустация Индии  |e роман  |f М. Арбатова 
210 |a Москва  |c АСТ  |d 2007 
215 |a 412 с. 
330 |a Все турагентства и кинофильмы врут — Индию пересказать нельзя. В этом смысле я тоже вру, потому что могу изложить только свою «психическую правду» об Индии. У вас она все равно будет другая. Индия не потрясла меня, она меня раздавила... 
610 1 |a русская литература 
610 1 |a романы 
610 1 |a путешествия 
610 1 |a Индия 
675 |a Р2  |v 3 
700 1 |a Арбатова  |b М. И.  |c писательница, драматург, сценарист  |c психоаналитик  |f 1957-  |g Мария Ивановна  |2 stltpush  |3 (RuTPU)RU\TPU\pers\47246  |9 22826 
801 1 |a RU  |b 63413507  |c 20070321  |g PSBO 
801 2 |a RU  |b 63413507  |c 20230119  |g PSBO 
942 |c BK